Miesto voľného času v živote detí a mládeže

Bibliographic Details
Main Author: Pasternáková, Lenka, 1979- (Author)
Format: Article
Language:Slovak
ISSN:1336-9849
Subjects:

MARC

LEADER 00000nab a2200000 ar4500
001 vtls009623003
003 SK-MaSNL
005 20260303210744.0
008 090701c2009 xo |r|p|||a |000 b|slo
015 |a SNBRB2009/06 
038 |a SPK 
040 |a SPKCL  |b slo  |c 2001  |e AACR2 
041 0 |a slo  |b slo 
044 |a xo  |c SK 
072 7 |a 37  |x Výchova a vzdelávanie  |2 konspekt 
080 |a 379.8  |2 UDC-MRF-SK2 
080 |a 3-053.2  |2 UDC-MRF-SK2 
100 1 |a Pasternáková, Lenka,  |d 1979-  |4 aut  |9 207973 
245 1 0 |a Miesto voľného času v živote detí a mládeže  |c Lenka Pasternáková 
546 |a Res. slov. 
650 0 7 |a voľný čas  |2 spk  |9 3355 
650 0 7 |a deti  |2 snkbucl  |9 773 
650 0 7 |a mládež  |2 snkbucl  |9 1575 
773 0 |t Manažment školy : odborný mesačník pre manažment škôl, školských a predškolských zariadení  |g Roč. 4, č. 6 (2009), s. 26-28  |x 1336-9849 
852 |a SPK  |b KIS3GCP 
999 |c 2201539  |d 2203469